[Event "Logrono op U20"]
[Site "Logrono"]
[Date "2007.08.17"]
[Round "7"]
[White "Abdulla, Hayala"]
[Black "Penalosa Pinilla, Jesus"]
[Result "1/2-1/2"]
[WhiteElo "2019"]
[BlackElo "2207"]
[PlyCount "55"]
[EventDate "2007.08.14"]
[EventType "swiss"]
[EventRounds "8"]
[EventCountry "ESP"]
[SourceTitle "CBM 120 Extra"]
[Source "ChessBase"]
[SourceDate "2007.11.01"]
[SourceVersion "1"]
[SourceVersionDate "2007.11.01"]
[SourceQuality "1"]

1. e4 c5 2. Nf3 Nc6 3. d4 cxd4 4. Nxd4 Nf6 5. Nc3 e6 6. Ndb5 d6 7. Bf4 e5 8. Nd5 Nxd5 9. exd5 Ne7 10. Be3 a6 11. Nc3 Ng6 12. Bd3 Be7 13. Qd2 b5 14. a3 f5 15. f3 Rb8 16. g3 0-0 17. 0-0-0 b4 18. Nb1 a5 19. h4 Bf6 20. h5 e4 21. c3 exd3 22. hxg6 hxg6 23. Qxd3 Bd7 24. Bd4 Bb5 25. Bxf6 Qxf6 26. Qd2 Bc4 27. Rde1 Rfe8 28. axb4 1/2-1/2

[Event "San Agustin op 12th"]
[Site "Aviles"]
[Date "2007.??.??"]
[Round "6"]
[White "Abdulla, Hayala"]
[Black "Sariyev, Riad"]
[Result "0-1"]
[WhiteElo "2019"]
[BlackElo "1964"]
[PlyCount "76"]
[EventDate "2007.08.04"]
[EventType "swiss"]
[EventRounds "9"]
[EventCountry "ESP"]
[SourceTitle "CBM 119 Extra"]
[Source "ChessBase"]
[SourceDate "2007.09.04"]
[SourceVersion "1"]
[SourceVersionDate "2007.09.04"]
[SourceQuality "1"]

1. e4 c5 2. Nf3 d6 3. d4 cxd4 4. Nxd4 Nf6 5. Nc3 e6 6. Bc4 Be7 7. 0-0 0-0 8. Be2 a6 9. f4 Nc6 10. Kh1 Qc7 11. Bf3 Rb8 12. a4 Na5 13. f5 e5 14. Nde2 b6 15. Ng3 Bb7 16. Nd5 Bxd5 17. exd5 Rfc8 18. c3 Ra8 19. Bg5 Nc4 20. Qc1 Qd8 21. Bxf6 Bxf6 22. Ne4 h6 23. b3 Na5 24. Qa3 Nb7 25. Qb4 Nc5 26. Nxc5 Rxc5 27. Rac1 Rac8 28. c4 b5 29. axb5 axb5 30. Be2 e4 31. Rcd1 bxc4 32. Bxc4 e3 33. Qe1 Qe7 34. Rf3 Re8 35. Qe2 Bg5 36. b4 Rxc4 37. Qxc4 e2 38. Re1 Bd2 0-1

[Event "San Agustin op 12th"]
[Site "Aviles"]
[Date "2007.??.??"]
[Round "8"]
[White "Abdulla, Hayala"]
[Black "Tarin Casado, Francisco"]
[Result "0-1"]
[WhiteElo "2019"]
[BlackElo "1906"]
[PlyCount "50"]
[EventDate "2007.08.04"]
[EventType "swiss"]
[EventRounds "9"]
[EventCountry "ESP"]
[SourceTitle "CBM 119 Extra"]
[Source "ChessBase"]
[SourceDate "2007.09.04"]
[SourceVersion "1"]
[SourceVersionDate "2007.09.04"]
[SourceQuality "1"]

1. e4 c6 2. d4 d5 3. e5 Bf5 4. Nf3 e6 5. Be2 Nd7 6. 0-0 c5 7. c4 Ne7 8. Nc3 cxd4 9. Nxd4 dxc4 10. Ncb5 Nc6 11. Nxf5 exf5 12. Bxc4 a6 13. Bg5 Qc8 14. Bxf7+ Kxf7 15. e6+ Kg6 16. exd7 Qb8 17. Nd4 Kxg5 18. h4+ Kg6 19. h5+ Kf6 20. Re1 Bc5 21. Re6+ Kf7 22. Qb3 Nxd4 23. Qd5 Nxe6 24. Re1 Bxf2+ 25. Kxf2 Qf4+ 0-1

[Event "San Agustin op 12th"]
[Site "Aviles"]
[Date "2007.??.??"]
[Round "5"]
[White "Hajiyev, Araz"]
[Black "Abdulla, Hayala"]
[Result "1/2-1/2"]
[WhiteElo "1851"]
[BlackElo "2019"]
[PlyCount "81"]
[EventDate "2007.08.04"]
[EventType "swiss"]
[EventRounds "9"]
[EventCountry "ESP"]
[SourceTitle "CBM 119 Extra"]
[Source "ChessBase"]
[SourceDate "2007.09.04"]
[SourceVersion "1"]
[SourceVersionDate "2007.09.04"]
[SourceQuality "1"]

1. d4 d5 2. c4 e6 3. Nc3 c5 4. cxd5 exd5 5. Nf3 Nc6 6. h3 Nf6 7. Bg5 Be6 8. e3 c4 9. Ne5 Be7 10. f4 h6 11. Bh4 Qa5 12. Bxf6 Bxf6 13. g3 Bf5 14. a3 Bxe5 15. fxe5 0-0 16. Bg2 Ne7 17. 0-0 Bd3 18. Rf2 Rad8 19. g4 Qa6 20. Qa4 Qb6 21. Qb5 Qc6 22. Qa5 a6 23. Rd1 b5 24. Rdd2 Qb7 25. Qb4 Rc8 26. Rf4 Rfd8 27. Nd1 Ng6 28. Rff2 Qa7 29. Nc3 Ne7 30. Na2 Nc6 31. Qc3 Nxe5 32. Nb4 a5 33. Nxd5 Nc6 34. Qc1 b4 35. Rf4 Ne7 36. Nxe7+ Qxe7 37. Rdf2 Bg6 38. d5 c3 39. axb4 axb4 40. bxc3 Rxc3 41. Qd2 1/2-1/2